[Event "South African op"]
[Site "Cape Town"]
[Date "2022.07.16"]
[Round "10"]
[White "Mnyasta, Tezihano"]
[Black "De Villiers, Ockert Almaro"]
[Result "1-0"]
[WhiteElo "1627"]
[BlackElo "1583"]
[PlyCount "91"]
[EventDate "2022.07.09"]
[EventType "swiss"]
[EventRounds "11"]
[EventCountry "RSA"]
[SourceTitle "CBM 209 Extra"]
[Source "ChessBase"]
[SourceDate "2022.09.30"]
[SourceVersion "1"]
[SourceVersionDate "2022.09.30"]
[SourceQuality "1"]

1. d4 d5 2. c4 e6 3. Nf3 Nf6 4. g3 dxc4 5. Bg2 c5 6. 0-0 Nc6 7. Qa4 Bd7 8. Qxc4 b5 9. Qd3 c4 10. Qd1 Rc8 11. Bg5 Be7 12. Nc3 b4 13. Bxf6 gxf6 14. Ne4 f5 15. Ned2 c3 16. bxc3 bxc3 17. Nc4 Nb4 18. Nce5 Qa5 19. Nxd7 Kxd7 20. Ne5+ Ke8 21. a3 Nd5 22. e4 fxe4 23. Bxe4 Nf6 24. Bc2 Rg8 25. Qf3 Qd5 26. Qxd5 exd5 27. Rfe1 Kf8 28. Rab1 Bxa3 29. Rb7 Rg7 30. Rxa7 Bd6 31. Nd7+ Nxd7 32. Rxd7 Ba3 33. Rxd5 Rg6 34. Ra1 Rd6 35. Rxd6 Bxd6 36. Bxh7 Rc4 37. Rd1 Ba3 38. Bc2 Rb4 39. Rd3 Bb2 40. h4 Ke7 41. Kg2 Kd6 42. h5 Kd5 43. g4 Rb6 44. f4 Bc1 45. Kf3 Rf6 46. Bb3+ 1-0

[Event "South African op"]
[Site "Cape Town"]
[Date "2022.07.10"]
[Round "3"]
[White "De Villiers, Ockert Almaro"]
[Black "Selepe, Lwazi"]
[Result "1/2-1/2"]
[WhiteElo "1583"]
[BlackElo "1480"]
[PlyCount "44"]
[EventDate "2022.07.09"]
[EventType "swiss"]
[EventRounds "11"]
[EventCountry "RSA"]
[SourceTitle "CBM 209 Extra"]
[Source "ChessBase"]
[SourceDate "2022.09.30"]
[SourceVersion "1"]
[SourceVersionDate "2022.09.30"]
[SourceQuality "1"]

1. d4 Nf6 2. c4 e6 3. Nc3 d5 4. cxd5 exd5 5. Bg5 Nbd7 6. e3 c6 7. Bd3 Be7 8. Qc2 0-0 9. Nge2 Re8 10. 0-0 Nf8 11. Rab1 a5 12. a3 Ng6 13. b4 axb4 14. axb4 b5 15. Rfc1 Ng4 16. Bxe7 Qxe7 17. Bf5 Qf6 18. Ng3 Qh4 19. Bxg4 Qxg4 20. Nd1 Bd7 21. Nb2 h5 22. Qe2 Qxe2 1/2-1/2

[Event "RSA-chT Regions"]
[Site "Boksburg"]
[Date "2020.01.11"]
[Round "5.3"]
[White "Malgas, Glenwell"]
[Black "De Villiers, Ockert Almaro"]
[Result "1-0"]
[WhiteElo "1745"]
[BlackElo "1552"]
[PlyCount "105"]
[EventDate "2020.01.09"]
[EventType "team-swiss"]
[EventRounds "7"]
[EventCountry "RSA"]
[SourceTitle "CBM 194 Extra"]
[Source "ChessBase"]
[SourceDate "2020.03.31"]
[SourceVersion "1"]
[SourceVersionDate "2020.03.31"]
[SourceQuality "1"]
[WhiteTeam "ENM"]
[BlackTeam "Sedibeng"]
[WhiteTeamCountry "RSA"]
[BlackTeamCountry "RSA"]

1. Nf3 d5 2. b3 c5 3. d4 Nc6 4. Bb2 Nf6 5. e3 Bf5 6. a3 e6 7. Bd3 Bg6 8. 0-0 Qb6 9. dxc5 Bxc5 10. Nc3 Bd6 11. Qe2 Rc8 12. e4 dxe4 13. Nxe4 Nxe4 14. Bxe4 0-0 15. Bxg6 hxg6 16. Ng5 Bf4 17. Nf3 Qc7 18. g3 Bh6 19. Bc1 Rfd8 20. Bxh6 gxh6 21. Qe3 Kg7 22. Rfd1 f6 23. Qxe6 Ne5 24. Nxe5 Qxe5 25. Rd7+ Kh8 26. Qxe5 fxe5 27. Rad1 Rxd7 28. Rxd7 Rxc2 29. Rxb7 Rc3 30. a4 a5 31. Kf1 e4 32. Ke2 g5 33. h3 Kg8 34. Kd2 Rd3+ 35. Ke2 Rc3 36. Rb5 Kf7 37. Rxa5 Rxb3 38. Re5 Rb2+ 39. Ke3 Rb3+ 40. Kxe4 Rb4+ 41. Kf5 Rxa4 42. Rb5 Ra2 43. Rb7+ Kf8 44. f4 gxf4 45. gxf4 Ra5+ 46. Kg4 h5+ 47. Kh4 Ra4 48. Kg5 Ra3 49. h4 Ra5+ 50. f5 Rc5 51. Kg6 Rc6+ 52. f6 Ke8 53. Kg7 1-0

[Event "RSA-chT Regions"]
[Site "Boksburg"]
[Date "2020.01.09"]
[Round "1.3"]
[White "Mthetho, Jeffrey"]
[Black "De Villiers, Ockert Almaro"]
[Result "1/2-1/2"]
[WhiteElo "1661"]
[BlackElo "1552"]
[PlyCount "139"]
[EventDate "2020.01.09"]
[EventType "team-swiss"]
[EventRounds "7"]
[EventCountry "RSA"]
[SourceTitle "CBM 194 Extra"]
[Source "ChessBase"]
[SourceDate "2020.03.31"]
[SourceVersion "1"]
[SourceVersionDate "2020.03.31"]
[SourceQuality "1"]
[WhiteTeam "Ehlanzeni"]
[BlackTeam "Sedibeng"]
[WhiteTeamCountry "RSA"]
[BlackTeamCountry "RSA"]

1. e4 c5 2. Nc3 g6 3. f4 Bg7 4. Bc4 e6 5. Nf3 Ne7 6. f5 gxf5 7. d3 Nbc6 8. 0-0 d6 9. Ng5 Ne5 10. exf5 Nxf5 11. Qh5 Qe7 12. Bb3 h6 13. Nxe6 Bxe6 14. Bxe6 Qxe6 15. Rxf5 Nxd3 16. cxd3 Qe1+ 17. Rf1 Bd4+ 18. Be3 Qxe3+ 19. Kh1 0-0-0 20. Nd5 Qg5 21. Qxf7 Rd7 22. Qe6 Qe5 23. Ne7+ Kc7 24. Qxe5 dxe5 25. Nf5 Bxb2 26. Rab1 Bd4 27. Rf3 a6 28. a4 Kc6 29. Ng3 b5 30. Rf6+ Rd6 31. Rxd6+ Kxd6 32. axb5 axb5 33. Rxb5 Ra8 34. h4 Ra3 35. Rb6+ Kc7 36. Rxh6 Rxd3 37. Rh7+ Kc6 38. Ne4 c4 39. Rh8 Kd5 40. Nf6+ Ke6 41. Ne4 Kf5 42. Nd6+ Kg4 43. Rb8 Kxh4 44. Rh8+ Kg3 45. Rg8+ Kh4 46. Rh8+ Kg4 47. Rg8+ Kf4 48. Rf8+ Kg3 49. Rg8+ Kf2 50. Rf8+ Ke2 51. Nxc4 e4 52. Re8 e3 53. Kh2 Rc3 54. Nxe3 Bxe3 55. Kh3 Kf1 56. Kg4 Kxg2 57. Ra8 Bf2 58. Kf4 Re3 59. Rg8+ Kf1 60. Ra8 Re7 61. Ra1+ Kg2 62. Ra2 Kf1 63. Ra1+ Be1 64. Kf3 Kg1 65. Ra2 Rf7+ 66. Ke3 Bf2+ 67. Ke2 Bd4 68. Ra4 Rf4 69. Kd3 Rf3+ 70. Ke4 1/2-1/2

[Event "Boksburg Inter Region-ch"]
[Site "Boksburg"]
[Date "2016.12.20"]
[Round "1.1"]
[White "De Villiers, Ockert Almaro"]
[Black "Willenberg, Kenneth Sean"]
[Result "0-1"]
[WhiteElo "1563"]
[BlackElo "1950"]
[PlyCount "58"]
[EventDate "2016.12.20"]
[EventType "team-swiss"]
[EventRounds "7"]
[EventCountry "RSA"]
[SourceTitle "CBM 176 Extra"]
[Source "ChessBase"]
[SourceDate "2017.03.02"]
[SourceVersion "1"]
[SourceVersionDate "2017.03.02"]
[SourceQuality "1"]
[WhiteTeam "King Catchers"]
[BlackTeam "Chess WP II"]
[WhiteTeamCountry "RSA"]
[BlackTeamCountry "RSA"]

1. d4 Nf6 2. Nf3 g6 3. Bg5 Bg7 4. Nbd2 0-0 5. e4 d6 6. Bc4 Nc6 7. c3 e5 8. 0-0 Bg4 9. Qc2 h6 10. Be3 Kh7 11. Rad1 Nh5 12. h3 Bd7 13. Nb3 b6 14. dxe5 dxe5 15. Bc5 bxc5 16. Nxc5 Nf6 17. Bb5 Nb8 18. Nxe5 c6 19. Nexd7 cxb5 20. Nxf8+ Qxf8 21. Nb3 Qe7 22. Rfe1 Nh5 23. e5 Nd7 24. Qe4 Re8 25. g4 Qg5 26. Rxd7 Rxe5 27. Qxe5 Bxe5 28. Rxf7+ Kg8 29. Re7 Qxe7 0-1

[Event "RSA-ch U20"]
[Site "Bloemfontein"]
[Date "2016.03.20"]
[Round "1"]
[White "De Villiers, Ockert Almaro"]
[Black "Mqakamba, Mihle"]
[Result "1-0"]
[WhiteElo "1578"]
[BlackElo "1212"]
[PlyCount "21"]
[EventDate "2016.03.20"]
[EventType "swiss"]
[EventRounds "11"]
[EventCountry "RSA"]
[SourceTitle "CBM 171 Extra"]
[Source "ChessBase"]
[SourceDate "2016.04.26"]
[SourceVersion "1"]
[SourceVersionDate "2016.04.26"]
[SourceQuality "1"]

1. e4 e5 2. f4 exf4 3. Nf3 d6 4. d4 Nf6 5. Nc3 Nc6 6. Bxf4 Bg4 7. Be2 Qe7 8. Qd3 0-0-0 9. 0-0-0 g6 10. Bg5 h6 11. Nd5 1-0

[Event "RSA-ch U20"]
[Site "Waterkloof"]
[Date "2015.04.07"]
[Round "6"]
[White "Smit, Ernes"]
[Black "De Villiers, Ockert Almaro"]
[Result "1-0"]
[WhiteElo "1432"]
[BlackElo "1504"]
[PlyCount "46"]
[EventDate "2015.04.04"]
[EventType "swiss"]
[EventRounds "9"]
[EventCountry "RSA"]
[SourceTitle "CBM 166 Extra"]
[Source "ChessBase"]
[SourceDate "2015.06.18"]
[SourceVersion "1"]
[SourceVersionDate "2015.06.18"]
[SourceQuality "1"]

1. e4 c5 2. Nc3 g6 3. f4 Bg7 4. Nf3 Nc6 5. Bb5 a6 6. Bxc6 bxc6 7. d3 Rb8 8. 0-0 d6 9. e5 dxe5 10. fxe5 Bxe5 11. Nxe5 Qd4+ 12. Kh1 Qxe5 13. Bf4 Qd4 14. Bxb8 Nf6 15. Qe1 0-0 16. Be5 Qg4 17. Bxf6 exf6 18. Qe4 Qg5 19. Qxc6 Be6 20. Ne4 Qe5 21. Nxf6+ Kg7 22. c3 Rc8 23. Qe4 Qd6 1-0